Library of the University of Algiers 3
Ibrahim Sultan Cheibout
شعار جامعة الجزائر 3
مكتبة جامعة الجزائر 3
إبراهيم سلطان شيبوط

مبادئ الاقتصاد الجزئي / (رقم التسجيلة. 42750)

تفاصيل مارك
000 -LEADER
fixed length control field 01461nam a2200253Ia 4500
003 - CONTROL NUMBER IDENTIFIER
control field Ost
005 - DATE AND TIME OF LATEST TRANSACTION
control field 20260507075057.0
008 - FIXED-LENGTH DATA ELEMENTS--GENERAL INFORMATION
fixed length control field 260507s9999||||xx |||||||||||||| ||und||
040 ## - CATALOGING SOURCE
Transcribing agency fsecg
041 ## - LANGUAGE CODE
Language code of text/sound track or separate title ara
082 ## - DEWEY DECIMAL CLASSIFICATION NUMBER
Classification number 338.5
100 ## - MAIN ENTRY--PERSONAL NAME
Personal name حداد، مناور فريح
Relator term مؤلف
245 #0 - TITLE STATEMENT
Title مبادئ الاقتصاد الجزئي /
Statement of responsibility, etc. مناور فريح حداد
250 ## - EDITION STATEMENT
Edition statement طبعة 3 (مزيدة ومنقحة)
260 ## - PUBLICATION, DISTRIBUTION, ETC.
Place of publication, distribution, etc. إربد:
Name of publisher, distributor, etc. دار الأمل,
Date of publication, distribution, etc. 1998
300 ## - PHYSICAL DESCRIPTION
Extent 317 صفحة؛
Other physical details إيضاحات ؛
Dimensions 24 سم
504 ## - BIBLIOGRAPHY, ETC. NOTE
Bibliography, etc. note كشاف المصطلحات ص.295 ببليوغرافيا ص.314
520 ## - SUMMARY, ETC.
Summary, etc. مفاهيم أساسية في الاقتصاد، نظرية الطلب والعرض،التوازن-تفاعل الطلب والعرض،المرونة، نظرية سلوك المستهلك،النظرية الحديثة لسلوك المستهلك(منحنيات السواء)، نظرية الانتاج والتكاليف، الأسواق،سوق الاحتكار التام،المنافسة الاحتكارية واحتكار القلة،أسعار عناصر الانتاج
653 ## - INDEX TERM--UNCONTROLLED
Uncontrolled term الاحتكار
653 ## - INDEX TERM--UNCONTROLLED
Uncontrolled term الاقتصاد الجزئي
653 ## - INDEX TERM--UNCONTROLLED
Uncontrolled term الانتاج
700 ## - ADDED ENTRY--PERSONAL NAME
Personal name الخطيب، حازم بدر
Relator term مؤلف ثانوي
942 ## - ADDED ENTRY ELEMENTS (KOHA)
Koha item type كتب
المقتنيات
Withdrawn status Lost status Source of classification or shelving scheme Damaged status Not for loan Home library Current library Date acquired Serial enumeration / chronology Inventory number Total checkouts Full call number Barcode Date last seen Price effective from Koha item type
    Dewey Decimal Classification   Available مكتبة كلية العلوم الإقتصادية والعلوم التجارية وعلوم التسيير مكتبة كلية العلوم الإقتصادية والعلوم التجارية وعلوم التسيير 07/05/2026 الطابق الأرضي 1022/1   أ/1022ن1 1022/1 07/05/2026 07/05/2026 كتب
    Dewey Decimal Classification   Available مكتبة كلية العلوم الإقتصادية والعلوم التجارية وعلوم التسيير مكتبة كلية العلوم الإقتصادية والعلوم التجارية وعلوم التسيير 07/05/2026 الطابق الأرضي 1022/2   أ/1022ن2 1022/2 07/05/2026 07/05/2026 كتب
    Dewey Decimal Classification   Available مكتبة كلية العلوم الإقتصادية والعلوم التجارية وعلوم التسيير مكتبة كلية العلوم الإقتصادية والعلوم التجارية وعلوم التسيير 07/05/2026 الطابق الثاني 1022/3   أ/1022ن3 1022/3 07/05/2026 07/05/2026 كتب
    Dewey Decimal Classification   Available مكتبة كلية العلوم الإقتصادية والعلوم التجارية وعلوم التسيير مكتبة كلية العلوم الإقتصادية والعلوم التجارية وعلوم التسيير 07/05/2026 الطابق الثاني 1022/4   أ/1022ن4 1022/4 07/05/2026 07/05/2026 كتب
    Dewey Decimal Classification   NOT LOAN / إعارة داخلية مكتبة كلية العلوم الإقتصادية والعلوم التجارية وعلوم التسيير مكتبة كلية العلوم الإقتصادية والعلوم التجارية وعلوم التسيير 07/05/2026 الطابق الأرضي 025.21/121   أ/1022ن5 025.21/121 07/05/2026 07/05/2026 كتب

موارد الويب المفتوحة


© University of Algiers 3 All Rights Reserved
|
Implemented by LECHELAH Riad